Report of the Committee on credit facilities for village and Small Industries Sector (Record no. 489662)

000 -LEADER
fixed length control field 00538cam a22001457a 4500
008 - FIXED-LENGTH DATA ELEMENTS--GENERAL INFORMATION
fixed length control field 180718b1988 xxu||||| |||| 00| 0 eng d
082 ## - DEWEY DECIMAL CLASSIFICATION NUMBER
Classification number T44x54 In2v
100 ## - MAIN ENTRY--PERSONAL NAME
Personal name Committee on Credit facilities for Village and Small Industries
245 ## - TITLE STATEMENT
Title Report of the Committee on credit facilities for village and Small Industries Sector
Statement of responsibility, etc. by Planning Commission
260 ## - PUBLICATION, DISTRIBUTION, ETC.
Place of publication, distribution, etc. New Delhi
Name of publisher, distributor, etc. Planning Commission
Date of publication, distribution, etc. 1988
300 ## - PHYSICAL DESCRIPTION
Extent 78+p.
500 ## - GENERAL NOTE
General note Chairman: A.M. Khusro
700 ## - ADDED ENTRY--PERSONAL NAME
Personal name India. Planning Commission
700 ## - ADDED ENTRY--PERSONAL NAME
Personal name Khusro, A.M. (Chairman)
Holdings
Withdrawn status Lost status Damaged status Not for loan Permanent Location Current Location Date acquired Full call number Barcode Date last seen Price effective from Koha item type
        Indian Institute of Public Administration Indian Institute of Public Administration 2018-08-04 T44x54 In2v G17690 2018-08-04 2018-08-04 G
        Indian Institute of Public Administration Indian Institute of Public Administration 2018-08-04 T44x54 In2v GG21090 2018-08-04 2018-08-04 GG

Powered by Koha